000 00814nam a2200253Ia 4500
003 OSt
005 20221005113502.0
006 a|||||r|||| 00| 0
007 ta
008 221004b |||||||| |||| 00| 0 pan d
020 _c140
024 _a15666
037 _b892, 08/09/2014, H.K. Prakashan
_cTextual
040 _aCRL
_cCRL
_bpan
041 _2pan
_apan
082 _aQ8441:21:g, 153Q4
100 _aਮਠਾਰੂ, ਕੇਹਰ ਸਿੰਘ
245 0 _aਗੰਗਾ ਸਾਗਰ
260 _aਲੁਧਿਆਣਾ
_bਲਾਹੈਰ ਬੁਕਸ ਭਾਰਤ
_c2014
300 _a114ਪੰ
_ccm.
650 _aਧਰਮ
942 _hQ8441:21:g, 153Q4
_cTEXL
_2cc
999 _c1028343
_d1028343